MARC

LEADER 00000nam^a2200000^a^4500
001 000157856
005 20250521000000.0
009 20260310100553.014
037 |a Acervo ITESO - Biblioteca 
041 |a ESP 
082 |a 860. 9  |b SER 
100 |a Serra, Edelweis  |e (autor) 
245 1 0 |a Estructura y captación del poema /  |c E. Serra. 
264 4 |a Buenos Aires, Argentina :  |b Huemul,  |c 1967, c1967 
300 |a 190 p. 
336 |a texto  |b txt  |2 rdacontenido 
337 |a sin mediación  |b n  |2 rdamedio 
338 |a volumen  |b nc  |2 rdasoporte 
440 1 |a (Teoría Literaria Huemul ;  |v 5) 
649 |a XX 
650 |a Escritores Españoles 
650 |a Escritores Latinoamericanos 
650 |a Poesía Española -  |x Historia y Crítica 
650 |a Poesía Latinoamericana -  |x Historia y Crítica 
650 |a Literatura Española -  |x Historia y Crítica 
650 |a Literatura Latinoamericana -  |x Historia y Crítica 
650 |a Poesía -  |x Historia y Crítica 
650 |a Literatura -  |x Historia y Crítica 
650 |a Literatura -  |x Teoría 
650 |a Creación (Literaria, Artística, etc.) 
650 |a Estética 
650 |a Lenguaje y Lenguas. 
650 |a León, Luis de, Fray 
650 |a Góngora y Argote, Luis de 
650 |a Quevedo y Villegas, Francisco de 
650 |a Machado, Antonio 
650 |a García Lorca, Federico 
650 |a Aleixandre, Vicente 
650 |a Molinari, Ricardo E. 
650 |a Marechal, Leopoldo 
600 |a Cruz, Juan de la,  |c Santo 
600 |a Vega, Lope de 
600 |a Darío, Rubén 
600 1 |a Alonso, Dámaso 
600 |a Neruda, Pablo 
910 |a Fondo Salvador Reynoso Reynoso 
920 |a Impresos - Libros 
930 |a Fondos Especiales 
940 |a Literatura 
905 |a 112 
901 |a 0800016346  |b IT2  |c ESP  |u 20250521 
902 |a https://opac.biblio.iteso.mx/vufind/Record/000157856